000 01297cam a2200373 a 4500
001 2611885
003 OSt
005 20250702151939.0
008 970904s1997 ii b 001 0 eng
010 _a 97904961
020 _z8170333958
_a9788170333951
025 _aI-E-97-904961; 68-90
035 _a2611885
040 _aDLC
_cDLC
_dDLC
042 _alcode
043 _aa-ii---
050 0 0 _aDS422.C3
_bS555 1997
082 0 0 _a305.51220944
_bSHY/F
100 0 _aShyamlal,
_d1944-
245 1 0 _aFrom higher caste to lower caste :
_bthe processes of asprashyeekaran and the myth of Sanskritization /
_cShyamlal.
260 _aJaipur :
_bRawat Publications,
_cc1997.
300 _a191 p. ;
_c23 cm.
336 _atext
_btxt
_2rdacontent
337 _aunmediated
_bn
_2rdamedia
338 _avolume
_bnc
_2rdacarrier
504 _aIncludes bibliographical references (p. [183]-186) and index.
520 _aEmpirical study of Rajasthan.
650 0 _aDalits
_zIndia
_zRajasthan.
651 0 _aRajasthan (India)
_xSocial conditions.
906 _a7
_bcbc
_corigode
_d3
_encip
_f19
_gy-gencatlg
942 _2ddc
_cBK
_h305.51220944
_iSHY/F
_k305.51220944
_mSHY/F
999 _c44595
_d44595